000 00594nam a2200193Ia 4500
001 20099
003 GE_BSU
008 181216s||||||||xx |||||||||||||| ||und||
040 _cGE_BSU
245 _aИнформационно-управляющие системы. №6(85) 2016
245 _cГл.ред.Сергеев М.Б.
260 _aМосква
260 _c2016
300 _a112стр. 30см.
653 _aИнформационно-управляющие системы. №6(85) 2016
653 _aПериодика
653 _aპერიოდიკა
942 _cCR
999 _c53062
_d53062